| 000 | 01156nam a22003737a 4500 | ||
|---|---|---|---|
| 001 | 0014622 | ||
| 003 | KOHA_MİRAKIL | ||
| 005 | 20260207002002.0 | ||
| 007 | ta | ||
| 008 | 100305b1999 tu |||grt|||#0|||0|tur | | ||
| 020 |
_a9754928312 _q |
||
| 040 |
_aTR-BiSEU _btur _cTR-BiSEU _erda |
||
| 041 | 0 | _atur | |
| 044 | _ctu | ||
| 050 |
_aL107 _b.U48 1999 |
||
| 111 | 2 |
_aUlusal Eğitim Bilimleri Kongresi (4. : 1999 : Eskişehir) _934087 |
|
| 245 | 1 | _a4. Ulusal Eğitim Bilimleri Kongresi bildirileri. | |
| 264 | 1 |
_aEskişehir : _bAnadolu Üniversitesi _c1999 |
|
| 300 | _aXII, 543 sayfa; 24 cm. | ||
| 336 |
_ametin _btxt _2rdacontent |
||
| 337 |
_aaracısız _bn _2rdamedia |
||
| 338 |
_acilt _bnc _2rdacarrier |
||
| 490 | 1 | _aAnadolu Üniv. | |
| 490 | 1 |
_ayayınları ; _v1076. |
|
| 490 | 1 | _aeğitim fakültesi yayınları;51. | |
| 500 | _aKaynakça ve dizin var. | ||
| 650 | 0 |
_aEğitim--Türkiye--Kongreler. _96008 |
|
| 650 | 0 |
_aEducation--Turkey--Congresses. _96004 |
|
| 830 | 1 |
_aAnadolu Üniv. _934088 |
|
| 830 | 1 |
_ayayınları ; _v1076. _98349 |
|
| 830 | 1 |
_aeğitim fakültesi yayınları;51. _934089 |
|
| 907 | _aBildiri | ||
| 942 |
_2lcc _cBK |
||
| 999 |
_c14585 _d14585 |
||